| 000 | 00731nam a2200241 i 4500 | ||
|---|---|---|---|
| 001 | 8182 | ||
| 003 | ES-MaACL | ||
| 005 | 20250806083208.0 | ||
| 007 | t| | ||
| 008 | 920302r19901982xxk ||||1| eng d | ||
| 020 | _a0-333-34145-7 | ||
| 080 | _a330.18 | ||
| 100 | 1 |
_aLevacic, Rosalind. _971909 |
|
| 245 | 1 | 0 |
_aMacroeconomics _b: an introduction to keynessian-neoclassical controversies / _cRosalind Levacic and Alexander Rebmann. |
| 250 | _a2nd ed. | ||
| 260 |
_aLondon : _bMacMillan, _c1982 ( _g1990 imp.) |
||
| 300 |
_aXVII, 455 p. ; _c24 cm. |
||
| 500 | _aIndices. | ||
| 650 | 1 | 7 |
_aMacroeconomÃa _2embne _914719 |
| 700 | 1 |
_aRebmann, Alexander. _995699 |
|
| 852 |
_aES-MaACL _jL-15473 _bR.119873 |
||
| 999 |
_c8182 _d8182 |
||